[Event "Østlandsserien 2002/2003, 1. div."]
[Site "Follo"]
[Date "2003.02.08"]
[Round "6"]
[White "Solem, Trond"]
[Black "Tjomsland, Stig"]
[Result "1-0"]
[WhiteElo "2133"]
[BlackElo "2286"]
[PlyCount "107"]
[EventDate "2002.11.10"]
[WhiteTeam "Follo 1"]
[BlackTeam "Nordstrand 1"]

1. d4 e5 2. dxe5 Nc6 3. Nf3 Qe7 4. g3 Nxe5 5. Bg2 d6 6. O-O g6 7. c4 c6 8. Nd4
Qc7 9. Nc3 Bg7 10. b3 a6 11. Ba3 Qa5 12. Bb2 Nf6 13. Nc2 Qc7 14. f4 Ned7 15.
Ne4 d5 16. cxd5 cxd5 17. Nxf6+ Bxf6 18. Nd4 O-O 19. Bxd5 Nb6 20. Bg2 Rd8 21.
Qd2 Qc5 22. e3 Nd5 23. Rac1 Qb6 24. Rc4 Ne7 25. Qf2 Bd7 26. Rfc1 Bb5 27. R4c2
Rac8 28. Rxc8 Rxc8 29. Rxc8+ Nxc8 30. h3 Bd7 31. e4 Be7 32. Kh2 h5 33. Qc2 h4
34. g4 Bf6 35. e5 Bg7 36. Qe4 g5 37. f5 Qc7 38. Nf3 Bc6 39. Qe3 f6 40. Kh1 Bxf3
41. Bxf3 Qc2 42. Qc3 Qf2 43. Qxc8+ Kh7 44. Qc3 Bf8 45. Bg2 Bc5 46. Qc1 Be3 47.
Qa1 Qg3 48. Bd4 Bf4 49. Bg1 Bxe5 50. Qd1 Bd6 51. Qf3 Qe1 52. Qxb7+ Kh8 53. Qc8+
Kg7 54. Qc6 1-0

[Event "Østlandsserien 2002/2003, 1. div."]
[Site "Follo"]
[Date "2003.02.08"]
[Round "6"]
[White "Glenne, Bjørn Erik"]
[Black "Kirkebø, Carl Peter"]
[Result "1-0"]
[WhiteElo "2156"]
[BlackElo "2063"]
[PlyCount "67"]
[EventDate "2002.11.10"]
[WhiteTeam "Nordstrand 1"]
[BlackTeam "Follo 1"]

1. d4 Nf6 2. c4 c5 3. d5 e6 4. Nc3 exd5 5. cxd5 d6 6. e4 g6 7. Bb5+ Bd7 8. Bd3
Bg7 9. Bg5 h6 10. Bh4 O-O 11. Nge2 b5 12. Bxf6 Bxf6 13. Bxb5 Bxb5 14. Nxb5 Bxb2
15. Rb1 Bg7 16. O-O Re8 17. Qa4 Re7 18. Rb3 Nd7 19. Nxd6 Nb6 20. Qc6 Rc7 21.
Nxf7 Rxf7 22. Rg3 Rc8 23. Qxg6 c4 24. f4 Qf6 25. Qxf6 Rxf6 26. e5 Rf7 27. Nc3
Kh7 28. d6 Rcf8 29. Rgf3 Re8 30. Re1 Nd7 31. Re4 Bxe5 32. fxe5 Rxf3 33. gxf3
Nxe5 34. Kh1 1-0

[Event "Østlandsserien 2002/2003, 1. div."]
[Site "Follo"]
[Date "2003.02.08"]
[Round "6"]
[White "Stokstad, Petter Glenne"]
[Black "Næssvold, Kjell"]
[Result "0-1"]
[WhiteElo "2135"]
[BlackElo "1821"]
[PlyCount "58"]
[EventDate "2002.11.10"]
[WhiteTeam "Nordstrand 1"]
[BlackTeam "Follo 1"]

1. d4 Nf6 2. c4 c5 3. d5 b5 4. cxb5 a6 5. b6 Qxb6 6. Nc3 d6 7. e4 g6 8. Bc4 Bg7
9. Nge2 O-O 10. O-O Nbd7 11. Rb1 a5 12. h3 Ba6 13. Bxa6 Qxa6 14. f4 Rab8 15.
Be3 Rb7 16. Qc2 a4 17. e5 dxe5 18. fxe5 Nxe5 19. Qxa4 Qxa4 20. Nxa4 Nxd5 21.
Bxc5 Nd3 22. Rfd1 N5f4 23. Nxf4 Nxf4 24. Rd2 Ra8 25. b3 Rxa4 26. bxa4 Rxb1+ 27.
Kf2 Ne6 28. Bxe7 Bd4+ 29. Ke2 Rb7 0-1

[Event "Østlandsserien 2002/2003, 1. div."]
[Site "Follo"]
[Date "2003.02.08"]
[Round "6"]
[White "Lea, Per"]
[Black "Gulbrandsen, Tor"]
[Result "0-1"]
[WhiteElo "1669"]
[BlackElo "1991"]
[Annotator "Lea,Per"]
[PlyCount "106"]
[EventDate "2002.11.10"]
[WhiteTeam "Follo 1"]
[BlackTeam "Nordstrand 1"]

1. e4 e6 2. d4 d5 3. Nc3 Nf6 4. Bg5 Bb4 5. e5 h6 6. Bd2 Bxc3 7. bxc3 Ne4 8. Bd3
Nxd2 9. Qxd2 c5 10. Nf3 Nc6 11. O-O Bd7 12. Rfb1 Qc7 13. a4 b6 14. Be2 Na5 15.
Bb5 $2 {Med mer enn 300 i ratingforskjell i min disfavør, var strategien å
bytte ut alle brikkene til vi ble stående igjen med 2 enslige konger. Naivt?
Ja, der er det bare å ta selvkritikk.} (15. Ba6 {for å vanskeliggjøre at svart
får satt et tårn i c-linja var trolig en mer fornuftig idé}) ({En annen plan
kunne være} 15. h3 O-O 16. Nh2 Nc6 17. Ng4) 15... Bxb5 16. Rxb5 (16. axb5 {var
bedre: da kan et tårn peke på en potensielt svak bonde på a7, mens et tårn i
en halvåpen b-linje bare presser mot en gardert bonde}) 16... cxd4 17. cxd4 {
Lykken over å bli kvitt dobbeltbonden forsvinner raskt i erkjennelsen av at
jeg nå plutselig står med en svak c-bonde} Rc8 18. Ra2 O-O 19. Qd3 Qc4 20. Qa3
Qe2 {Hvits tunge offiserer oppfører seg som en kenguru på dansegulvet.} 21. Qe3
({En ting er at} 21. Rbb2 {går inn i gaffelen} Nc4 {men svart ville nok heller
valgt matt i 2 på førsteraden ...}) ({Det minste av mange onder er} 21. Rb1 {
hvoretter svart "bare" vinner bonden på c2, men står klart best og får snart
med springeren i en mer aktiv rolle.}) 21... Qd1+ 22. Qe1 Qxe1+ 23. Nxe1 Rc4
24. Nf3 Rfc8 25. Rbb2 Nc6 26. g3 Nb4 27. Ra1 Nxc2 28. Raa2 Nxd4 29. Nxd4 Rxd4
30. a5 bxa5 31. Rxa5 Rc7 {Resten er bare krampetrekninger og sløsing med tid
og energi fra hvits side. Den tida og energien kunne med fordel vært benyttet
til noe mer fornuftig.} 32. h4 Re4 33. f4 g5 34. hxg5 hxg5 35. Rf2 gxf4 36.
gxf4 Rec4 37. Ra3 Rc1+ 38. Kg2 R1c2 39. Kg3 Rxf2 40. Kxf2 Kg7 41. Rg3+ Kf8 42.
Ra3 Ke7 43. Ke3 f6 44. Kd4 Rc4+ 45. Kd3 fxe5 46. Rxa7+ Kf6 47. fxe5+ Kxe5 48.
Rd7 Rh4 49. Re7 Rh3+ 50. Kd2 d4 51. Ke2 Kd5 52. Re8 e5 53. Re7 Ke4 0-1

[Event "Østlandsserien 2002/2003, 1. div."]
[Site "Sarpsborg"]
[Date "2003.02.09"]
[Round "7"]
[White "Ingvaldsen, Jonas"]
[Black "Kirkebø, Carl Peter"]
[Result "1-0"]
[WhiteElo "1879"]
[BlackElo "2063"]
[PlyCount "68"]
[EventDate "2002.11.10"]
[WhiteTeam "Sarpsborg 1"]
[BlackTeam "Follo 1"]

1. e4 c5 2. b4 cxb4 3. a3 bxa3 4. Nxa3 e6 5. d4 Nf6 6. Bd3 Bb4+ 7. Bd2 Bxd2+ 8.
Qxd2 Nc6 9. c3 O-O 10. f4 d5 11. e5 Ne4 12. Bxe4 dxe4 13. Ne2 f5 14. O-O Rb8
15. Rfb1 Kh8 16. Nc4 b6 17. Nd6 Bb7 18. Ng3 Qe7 19. c4 g5 20. d5 e3 21. Qxe3
gxf4 22. Qxf4 exd5 23. Re1 dxc4 24. e6 Qf6 25. Rad1 b5 26. Nh5 Qg6 27. Nf7+ Kg8
28. Nh6+ Kh8 29. e7 Rfe8 30. Ng3 Nxe7 31. Rxe7 Qb6+ 32. Rd4 Rxe7 33. Qxb8+ Kg7
34. Ngxf5+ Kf6 1-0

[Event "Østlandsserien 2002/2003, 1. div."]
[Site "Sarpsborg"]
[Date "2003.02.09"]
[Round "7"]
[White "Næssvold, Kjell"]
[Black "Lømo, Markus"]
[Result "1/2-1/2"]
[WhiteElo "1821"]
[BlackElo "1854"]
[PlyCount "62"]
[EventDate "2002.11.10"]
[WhiteTeam "Follo 1"]
[BlackTeam "Sarpborg 1"]

1. e4 c6 2. d4 d5 3. exd5 cxd5 4. Bd3 Nf6 5. Ne2 Nc6 6. c3 Bg4 7. h3 Bh5 8. Bf4
e6 9. Nd2 Be7 10. Qb3 Qd7 11. Ng3 Bg6 12. Bxg6 hxg6 13. Nf3 Na5 14. Qc2 Qb5 15.
Ne5 Nc4 16. Nxc4 Qxc4 17. Be5 b5 18. Qe2 Rc8 19. Qxc4 Rxc4 20. a3 O-O 21. Bf4
a5 22. f3 Nh5 23. Nxh5 gxh5 24. g4 b4 25. axb4 axb4 26. Bd2 bxc3 27. bxc3 Rb8
28. Ke2 Rb2 29. Kd3 Rc8 30. Rhb1 Rxb1 31. Rxb1 hxg4 1/2-1/2

[Event "Østlandsserien 2002/2003, 1. div."]
[Site "Sarpsborg"]
[Date "2003.02.09"]
[Round "7"]
[White "Lunde, Sigmund"]
[Black "Lea, Per"]
[Result "0-1"]
[WhiteElo "1693"]
[BlackElo "1669"]
[PlyCount "96"]
[EventDate "2002.11.10"]
[WhiteTeam "Sarpborg 1"]
[BlackTeam "Follo 1"]

1. e4 e5 2. Nc3 Nf6 3. Nf3 Nc6 4. Be2 Bc5 5. O-O d6 6. d3 Bd7 7. Bg5 h6 8. Be3
Bb6 9. Bxb6 axb6 10. d4 O-O 11. d5 Ne7 12. Nd2 Ng6 13. g3 Nh7 14. Bd3 f5 15.
exf5 Bxf5 16. Nde4 Bh3 17. Re1 Ng5 18. Nxg5 Qxg5 19. Ne4 Qf5 20. Qe2 Bg4 21.
Qe3 Qh5 22. Bf1 Ne7 23. Qd2 Nf5 24. c3 Rf7 25. Be2 Raf8 26. Bxg4 Qxg4 27. Qe2
Qg6 28. Kh1 Ne7 29. Rad1 Rf5 30. Rd3 Qf7 31. Kg2 Nxd5 32. Rf1 Nf6 33. Nd2 d5
34. h4 e4 35. Rd4 Ng4 36. Qxg4 Rxf2+ 37. Rxf2 Qxf2+ 38. Kh3 e3 39. Qe6+ Kh8 40.
Ne4 Qf1+ 41. Kg4 e2 42. Nd2 e1=Q 43. Qxd5 Qfe2+ 44. Kh3 Qe6+ 45. Qxe6 Qxe6+ 46.
Kg2 Qe2+ 47. Kh3 Rf2 48. Ne4 Rh2# 0-1

[Event "Østlandsserien 2002/2003, 1. div."]
[Site "Sarpsborg"]
[Date "2003.03.08"]
[Round "8"]
[White "Næssvold, Kjell"]
[Black "Sødtholt, Dag"]
[Result "1/2-1/2"]
[WhiteElo "1821"]
[BlackElo "2048"]
[PlyCount "130"]
[EventDate "2002.11.10"]
[WhiteTeam "Follo 1"]
[BlackTeam "SOSS 1"]

1. e4 c5 2. Nf3 d6 3. d4 cxd4 4. Nxd4 Nf6 5. Nc3 g6 6. Bc4 Bg7 7. Bb3 O-O 8. f3
Nc6 9. Be3 Bd7 10. Qd2 Rc8 11. h4 h5 12. O-O-O Ne5 13. Bh6 Bxh6 14. Qxh6 Rxc3
15. bxc3 Qa5 16. Qe3 Rc8 17. Kd2 Qa3 18. Ne2 a5 19. Ke1 a4 20. Bd5 b5 21. Qd4
e6 22. Bb7 Rc7 23. Ba8 Ne8 24. Kf2 Rc4 25. Qb6 Rc8 26. Bb7 Nc4 27. Qd4 Rc7 28.
Ba8 e5 29. Qd3 Nb2 30. Qd2 Nxd1+ 31. Rxd1 Qxa2 32. Bd5 Qa3 33. Qh6 Qc5+ 34. Kf1
Ng7 35. Qxg6 Qxd5 36. Qxg7+ Kxg7 37. Rxd5 Ra7 38. Rxd6 a3 39. Rd1 a2 40. Ra1
Be6 41. Ke1 Bc4 42. Nc1 Kf6 43. Kd2 Ra8 44. Ke3 Rg8 45. g3 Rxg3 46. Kf2 Rg8 47.
Nb3 Ra8 48. Ke3 Ra3 49. Kd2 Ke7 50. Kc1 Bxb3 51. Kb2 Ra8 52. cxb3 Rg8 53. Kxa2
Rg3 54. Rf1 Rh3 55. Ka3 Kd6 56. Kb4 Kc6 57. c4 bxc4 58. bxc4 Rxh4 59. Ra1 Rf4
60. Ra6+ Kb7 61. Rh6 f5 62. Kc5 fxe4 63. Rh7+ Kc8 64. fxe4 Rxe4 65. Rxh5 Kd7
1/2-1/2

[Event "Østlandsserien 2002/2003, 1. div."]
[Site "Oslo"]
[Date "2003.03.09"]
[Round "9"]
[White "Lea, Per"]
[Black "Bjerke, Silje"]
[Result "0-1"]
[WhiteElo "1669"]
[BlackElo "2135"]
[Annotator "Lea,Per"]
[PlyCount "88"]
[EventDate "2002.11.10"]
[WhiteTeam "Follo 1"]
[BlackTeam "Porsgrunn 1"]

{For aller første gang forberedte jeg meg til et sjakkparti ved å søke opp
motstanderens svartpartier på forhånd. Siden Porsgrunn stilte med omtrent det
samme laget hver runde, tok jeg sjansen på at det var Silje Bjerke jeg skulle
møte - og det slo til. Jeg fant raskt ut at hun spilte fransk i de nyeste
partene, og dermed var det bare å se på de aktuelle variantene.} 1. e4 e6 2. d4
d5 3. Nc3 Bb4 4. e5 c5 5. a3 Bxc3+ 6. bxc3 Qc7 7. Qg4 (7. a4 {med planen å
sette løperen på a3}) ({og} 7. Nf3 {er, så vidt jeg vet, de andre
alternativene her. Men jeg synes dronningutfallet er såpass interessant at jeg
har spilt det hver eneste gang jeg har hatt denne stillingen på brettet.}) 7...
f5 {Ser naturlig ut, men skal visstnok ikke være det beste.} ({Men
standardvarianten} 7... Ne7 8. Qxg7 Rg8 9. Qxh7 cxd4 {fører til masse
komplikasjoner, som man ikke bør gå inn i uten å ha forberedt seg godt på
forhånd}) 8. Qg3 cxd4 9. cxd4 Ne7 10. Bd2 O-O 11. Bd3 {Det var vel omtrent så
langt vi fulgte forberedelsene mine. Hvit burde ikke ha noen spesielle
problemer her.} b6 12. Ne2 Ba6 13. Nf4 Qd7 14. h4 Bxd3 15. Qxd3 Nbc6 16. h5
Rac8 17. Ke2 {"Rokade er for feiginger!" Idéen var å spille det andre tårnet i
g-linja og gi full gass.} (17. h6 {ville fortsatt beholdt et visst initiativ})
17... Nd8 18. Rag1 Qa4 19. c3 Qc4 20. g4 Qxd3+ 21. Kxd3 fxg4 22. Rxg4 {Med
dronningene borte, blir det hele litt for spinkelt} h6 23. Ng6 Nxg6 24. Rxg6
Kh7 25. Rhg1 Rc7 26. f4 Rf5 27. Rh1 b5 28. Kc2 Re7 29. Kd3 {En innrømmelse av
at kongen ikke hadde noe på dronningfløyen å gjøre} Nc6 30. Ke3 Na5 31. Kf3 Nc4
32. Bc1 Rxh5 {[%emt 0:00:27] Den muligheten hadde svart også i trekk} 33. Rxh5
(33. Rxg7+ {for å beholde bondelikevekten ser fristende ut, men hvit får
kjempetrøbbel etter} Rxg7 34. Rxh5 Rg1 {og hvits bønder på dronningfløyen
smuldrer fullstendig opp}) 33... Kxg6 34. Kg4 Rf7 35. Rh2 Rf5 36. Ra2 Rh5 37.
a4 Rh1 38. Ba3 h5+ 39. Kf3 Rh3+ 40. Kg2 Rxc3 41. Bc5 bxa4 42. Rxa4 a5 43. Be7
Rd3 44. Bc5 Kf5 {Hvit ga opp den håpløse kampen. f-bonden faller, og de svarte
fribøndene går mer eller mindre rett inn på førsteraden.} 0-1

[Event "Østlandsserien 2002/2003, 1. div."]
[Site "Oslo"]
[Date "2003.03.09"]
[Round "9"]
[White "Berg-Jensen, Joachim"]
[Black "Hovland, Arne"]
[Result "1-0"]
[WhiteElo "2099"]
[BlackElo "1528"]
[PlyCount "71"]
[EventDate "2002.11.10"]
[WhiteTeam "Porsgrunn 1"]
[BlackTeam "Follo 1"]

1. d4 d5 2. Bg5 h6 3. Bh4 c6 4. Nf3 Nf6 5. Bxf6 gxf6 6. e3 Qd6 7. a3 e5 8. c4
e4 9. Nh4 h5 10. Nc3 f5 11. cxd5 Be7 12. dxc6 bxc6 13. g3 Bxh4 14. gxh4 Nd7 15.
Rc1 Nf6 16. Ne2 a5 17. Nf4 Bd7 18. Rc5 a4 19. Bh3 Nd5 20. Nxd5 cxd5 21. Kd2 Rb8
22. Kc1 Ke7 23. Kb1 Rb3 24. Qe2 Qb6 25. Rhc1 Rb8 26. R1c2 Rb7 27. Rxd5 Be6 28.
Rdc5 Rxa3 29. d5 Bd7 30. Qxh5 Qf6 31. Qg5 Qxg5 32. hxg5 Rab3 33. Ka2 Kf8 34. d6
Be6 35. Kb1 a3 36. Bxf5 1-0

[Event "Østlandsserien 2002/2003 3C"]
[Site "Follo"]
[Date "2002.11.10"]
[Round "1.1"]
[White "Svanholm, Børge"]
[Black "Lea, Per"]
[Result "1/2-1/2"]
[WhiteElo "1660"]
[BlackElo "1706"]
[WhiteTeam "Stjernen 2"]
[BlackTeam "Follo 2"]
[PlyCount "87"]
[EventDate "2002.11.10"]
1.c4 Nf6 2.Nc3 e6 3.e4 d5 4.e5 d4 5.exf6 dxc3 6.bxc3 Qxf6 7.d4 c5 8.
Nf3 h6 9.Be2 Be7 10.O-O O-O 11.Be3 Nd7 12.Qd2 b6 13.a4 Bb7 14.a5 Rfd8
15.Rfd1 e5 16.d5 e4 17.Ne1 Ne5 18.axb6 axb6 19.Rxa8 Bxa8 20.f4 Ng6
21.Rb1 Rb8 22.g3 Bd6 23.Nc2 Qe7 24.Bf2 f5 25.Ne3 Qd7 26.Bf1 Ne7 27.
Rb5 Qc7 28.Bh3 g6 29.Qb2 Nc8 30.Rb3 Ne7 31.Qb1 Kg7 32.Nc2 Ng8 33.Na3
Qe7 34.Be3 Qd8 35.Nb5 Nf6 36.Qa2 Nxd5 37.cxd5 Bxd5 38.Qb1 Bxb3 39.
Qxb3 Qe7 40.Qd5 Bc7 41.Qc6 Rc8 42.Bf1 Qd8 43.Qe6 Ra8 44.Nxc7 1/2-1/2

[Event "Østlandsserien 2002/2003 3C"]
[Site "Follo"]
[Date "2003.01.18"]
[Round "3.2"]
[White "Moberg, Jan Rune"]
[Black "Sæther, Lars"]
[Result "0-1"]
[WhiteElo "1556"]
[BlackElo "1536"]
[Annotator "Lea,Per"]
[PlyCount "45"]
[EventDate "2002.11.10"]
[WhiteTeam "Follo 2"]
[BlackTeam "Fredriksstad 1"]

1. Nf3 Nf6 2. c4 d5 3. d4 e6 4. e3 c5 5. Be2 Nc6 6. O-O cxd4 7. exd4 Be7 8. Nc3
O-O 9. a3 a5 10. Re1 Re8 11. Bd3 b6 12. h3 Bb7 13. cxd5 Nxd5 14. Nb5 Bf6 15.
Ne5 Nde7 $2 16. Bxh7+ Kf8 17. Qh5 Nxe5 18. dxe5 g6 19. Bh6+ $2 (19. exf6 $1 Nf5
(19... gxh5 20. Bh6#) 20. Qh6+ Nxh6 21. Bxh6#) 19... Bg7 20. Bxg7+ Kxg7 21.
Bxg6 Nxg6 22. Rad1 Rh8 23. Qg4 {[%emt 0:00:29] Herfra og ut er trekkene
uleselige, men hvit står til tap og ga opp i trekk} 0-1

[Event "Østlandsserien 2002/2003 3C"]
[Site "Follo"]
[Date "2003.01.18"]
[Round "3.4"]
[White "Lund, Alf Haakon"]
[Black "Johansen, Odd B"]
[Result "0-1"]
[WhiteElo "1511"]
[BlackElo "1469"]
[PlyCount "101"]
[EventDate "2002.11.10"]
[WhiteTeam "Follo 2"]
[BlackTeam "Fredriksstad 1"]

1. e4 e6 2. Nc3 d5 3. exd5 exd5 4. d4 Bb4 5. Nf3 Nf6 6. Be2 Ne4 7. Qd3 Bf5 8.
a3 Bxc3+ 9. bxc3 O-O 10. Qb5 b6 11. Qb3 Re8 12. Be3 Be6 13. c4 Nc6 14. cxd5
Bxd5 15. c4 Na5 16. Qc2 Bb7 17. O-O h6 18. Rab1 Ng5 19. Nxg5 hxg5 20. d5 Bc8
21. Bd3 Ba6 22. Bd2 Nb7 23. Qc1 Nc5 24. Bf5 Ne4 25. Bxe4 Rxe4 26. Rb4 f6 27.
Re1 Rxe1+ 28. Qxe1 Qd7 29. Be3 Re8 30. f3 Qf5 31. Qd2 Qe5 32. Bd4 Qe1+ 33. Qxe1
Rxe1+ 34. Kf2 Rd1 35. Be3 Ra1 36. Ra4 Ra2+ 37. Kg3 Re2 38. Bd4 Bc8 39. Rxa7 Bf5
40. Rxc7 Rd2 41. Bxb6 Rd3 42. Bc5 Be4 43. d6 Bf5 44. Bb4 g4 45. Kf4 gxf3 46.
gxf3 Bh3 47. Ke4 Rd1 48. c5 Kh7 49. c6 f5+ 50. Ke3 Rd5 51. Re7 0-1

[Event "Østlandsserien 2002/2003 3C"]
[Site "Halden"]
[Date "2003.01.19"]
[Round "4.1"]
[White "Lea, Per"]
[Black "Qvortrup, Jon"]
[Result "0-1"]
[WhiteElo "1669"]
[BlackElo "2191"]
[WhiteTeam "Follo 2"]
[BlackTeam "Halden 1"]
[PlyCount "64"]
[EventDate "2002.11.10"]

1. e4 e6 2. d4 d5 3. Nc3 Nf6 4. Bg5 Bb4 5. e5 h6 6. Bd2 Bxc3 7. bxc3 Ne4 8. Bd3
Nxd2 9. Qxd2 c5 10. f4 Nc6 11. Nf3 Qa5 12. Rd1 c4 13. Be2 Qxa2 14. O-O Qa5 15.
Ra1 Qd8 16. g3 Ne7 17. Nh4 Nf5 18. Nxf5 exf5 19. Rfb1 O-O 20. Bf3 b6 21. Qg2
Bb7 22. g4 fxg4 23. Qxg4 f5 24. Qg6 Qe8 25. Qg2 Qe6 26. Rb5 Rfd8 27. Raa5 a6
28. Rxd5 bxa5 29. Rxd8+ Rxd8 30. Bxb7 a4 31. Kf1 a3 32. d5 Qb6 0-1

[Event "Østlandsserien 2002/2003 3C"]
[Site "Halden"]
[Date "2003.01.19"]
[Round "4.2"]
[White "Saksgård, Cato"]
[Black "Bekkelien, Glenn Lewi"]
[Result "1-0"]
[WhiteElo "2002"]
[BlackElo "1659"]
[PlyCount "55"]
[EventDate "2002.11.10"]
[WhiteTeam "Halden 1"]
[BlackTeam "Follo 2"]

1. e4 c6 2. d4 d5 3. e5 Bf5 4. h4 h5 5. Be2 g6 6. Nh3 e6 7. Nf4 Nd7 8. Nd2 c5
9. c3 Nh6 10. f3 cxd4 11. cxd4 Qa5 12. g4 hxg4 13. fxg4 Be4 14. O-O Be7 15.
Nxe4 dxe4 16. Ng2 Nb6 17. Qc2 Qd5 18. Be3 Rc8 19. Qd2 Nxg4 20. Bxg4 Bxh4 21.
Be2 Bg3 22. Rac1 Rd8 23. Qb4 Rh3 24. Bb5+ Nd7 25. Bxd7+ Qxd7 26. Bg5 e3 27.
Nxe3 Bh2+ 28. Kf2 1-0

[Event "Østlandsserien 2002/2003 3C"]
[Site "Halden"]
[Date "2003.01.19"]
[Round "4.3"]
[White "Moberg, Jan Rune"]
[Black "Astrup, Kim"]
[Result "0-1"]
[WhiteElo "1556"]
[BlackElo "1958"]
[PlyCount "117"]
[EventDate "2002.11.10"]
[WhiteTeam "Follo 2"]
[BlackTeam "Halden 1"]

1. Nf3 d5 2. d4 Nf6 3. c4 e6 4. e3 c5 5. Be2 Nc6 6. O-O cxd4 7. exd4 dxc4 8.
Bxc4 Be7 9. Nc3 O-O 10. Re1 b6 11. h3 Bb7 12. Be2 Rc8 13. Be3 Qd6 14. Qa4 Rfd8
15. Rad1 Nd5 16. Nxd5 Qxd5 17. a3 Qa5 18. Qb3 Bf6 19. Qb5 Qxb5 20. Bxb5 Ne7 21.
Rd2 Bxf3 22. gxf3 Rd5 23. Bd3 Rcd8 24. Be4 R5d7 25. Red1 g6 26. Kg2 Bg7 27. Bg5
f6 28. Be3 Kf7 29. f4 Nd5 30. Bf3 f5 31. Bxd5 Rxd5 32. Kg3 Bf6 33. h4 Ke7 34.
Rd3 R5d7 35. R3d2 Rc8 36. Rh1 h5 37. Kf3 Rdc7 38. d5 exd5 39. Rhd1 Rd7 40. Kg3
Ke6 41. Bd4 Bxd4 42. Rxd4 Rc4 43. Kf3 Rxd4 44. Rxd4 Rc7 45. Ra4 a5 46. Rd4 Rc2
47. b4 Rc3+ 48. Ke2 Rxa3 49. bxa5 bxa5 50. f3 Ra2+ 51. Kf1 Rh2 52. Ra4 Rxh4 53.
Kf2 g5 54. Rxa5 Rxf4 55. Ra6+ Ke5 56. Rh6 g4 57. Rxh5 Rxf3+ 58. Ke2 d4 59. Rh1
0-1

[Event "Østlandsserien 2002/2003 3C"]
[Site "Halden"]
[Date "2003.01.19"]
[Round "4.4"]
[White "Mosbye, Karl"]
[Black "Lund, Alf Haakon"]
[Result "1-0"]
[WhiteElo "2002"]
[BlackElo "1659"]
[PlyCount "105"]
[EventDate "2002.11.10"]
[WhiteTeam "Halden 1"]
[BlackTeam "Follo 2"]

1. f4 d5 2. Nf3 Nf6 3. b3 Bf5 4. e3 e6 5. Bb2 Bd6 6. Be2 Nbd7 7. d3 Qe7 8. Nd4
Bc5 9. g4 Nxg4 10. Nxf5 exf5 11. Bxg4 fxg4 12. Qxg4 Bxe3 13. Kd1 d4 14. Re1 Nf6
15. Qf5 c5 16. Nd2 g6 17. Qg5 O-O-O 18. Nc4 h6 19. Qg3 Nd5 20. Nxe3 Nxe3+ 21.
Rxe3 dxe3 22. Bxh8 Rxh8 23. Ke2 Qf6 24. Re1 Qc3 25. Qxe3 Qxc2+ 26. Kf3 Rd8 27.
Rc1 Qxd3 28. Rxc5+ Kb8 29. Re5 Qd1+ 30. Qe2 Rd3+ 31. Kg4 f5+ 32. Kh4 Qxe2 33.
Rxe2 Rd4 34. Kg3 Rd6 35. Re7 a6 36. Rh7 h5 37. Kh4 Rd2 38. Kg5 Rxh2 39. Kxg6 h4
40. Kxf5 Rxa2 41. Rxh4 Rb2 42. Rh3 Kc7 43. Ke6 Re2+ 44. Kf6 Kd6 45. f5 b5 46.
b4 Re4 47. Ra3 Rxb4 48. Rxa6+ Kc5 49. Ke7 Re4+ 50. Re6 Rf4 51. f6 b4 52. f7 Kd5
53. Rf6 1-0

[Event "Østlandsserien 2002/2003 3C"]
[Site "Oslo"]
[Date "2003.03.09"]
[Round "6.1"]
[White "Bekkelien, Glenn Lewi"]
[Black "Wilsbeck, Jan Børge"]
[Result "1/2-1/2"]
[WhiteElo "1659"]
[BlackElo "1794"]
[PlyCount "95"]
[EventDate "2002.11.10"]
[WhiteTeam "Follo 2"]
[BlackTeam "OSS 3"]

1. Nf3 c5 2. g3 Nc6 3. Bg2 g6 4. O-O Bg7 5. d3 d5 6. Nbd2 Nf6 7. e4 dxe4 8.
dxe4 O-O 9. c3 Qc7 10. Qe2 Rb8 11. Nc4 e5 12. Nfxe5 Nxe5 13. Nxe5 Nxe4 14. Nxg6
hxg6 15. Qxe4 Bf5 16. Bf4 Qb6 17. Qf3 Qxb2 18. Bxb8 Rxb8 19. Qf4 Re8 20. Rfe1
Rxe1+ 21. Rxe1 Be6 22. Rd1 Bxc3 23. Rd8+ Kg7 24. Qh4 Qc1+ 25. Bf1 Qh6 26. Rg8+
Kh7 27. Qxh6+ Kxh6 28. Rb8 Bxa2 29. Rxb7 a5 30. Bb5 Be6 31. Be8 Kg7 32. Kf1 Bb4
33. Ke2 Bb3 34. Bb5 a4 35. Kd3 Bd5 36. Rd7 a3 37. Kc2 a2 38. Ra7 Be1 39. Kb2
Bxf2 40. Rxa2 Bxa2 41. Kxa2 Bg1 42. h3 f5 43. Kb2 g5 44. Kc3 Kf6 45. g4 f4 46.
Bc6 Ke5 47. Bf3 Kd6 48. Kc4 1/2-1/2

[Event "Østlandsserien 2002/2003. 4. div. A"]
[Site "?"]
[Date "2002.11.10"]
[Round "1"]
[White "Simonsen, Steinar"]
[Black "Rukovici, Shemsi"]
[Result "0-1"]
[WhiteElo "1542"]
[BlackElo "1920"]
[PlyCount "40"]
[EventDate "2002.??.??"]

1. e4 c5 2. Nf3 g6 3. d4 Bg7 4. Bc4 cxd4 5. Nxd4 Nf6 6. Nc3 O-O 7. Be3 Qc7 8.
Qe2 a6 9. O-O e6 10. a4 Nc6 11. Nxc6 bxc6 12. Rad1 d5 13. exd5 exd5 14. Bb3 Ng4
15. g3 Re8 16. Qd2 Nxe3 17. fxe3 Bh6 18. Rde1 Qb6 19. Nd1 Ra7 20. Qd4 Bxe3+ 0-1

[Event "Østlandsserien 2002/2003. 4. div. A"]
[Site "?"]
[Date "2002.11.10"]
[Round "1"]
[White "Feraget, Sadik"]
[Black "Høva, Frode"]
[Result "0-1"]
[WhiteElo "1653"]
[BlackElo "1501"]
[PlyCount "188"]
[EventDate "2002.??.??"]

1. d4 Nf6 2. c4 g6 3. Nc3 d5 4. Bg5 Ne4 5. Nxe4 dxe4 6. e3 Bg7 7. Qc2 c5 8. Ne2
Nc6 9. Nc3 cxd4 10. exd4 Nxd4 11. Qd2 O-O 12. Be2 Qa5 13. O-O Nxe2+ 14. Nxe2
Qxd2 15. Bxd2 Bxb2 16. Rab1 Bg7 17. Rfc1 b6 18. Bb4 Re8 19. a4 Ba6 20. Ng3 f5
21. a5 Rac8 22. axb6 axb6 23. c5 bxc5 24. Rxc5 Rxc5 25. Bxc5 Be5 26. Nf1 Bxf1
27. Rxf1 Kf7 28. g3 Ra8 29. Be3 Ra1 30. h4 Rxf1+ 31. Kxf1 Ke6 32. Ke2 Kd5 33.
Bh6 Bd4 34. Bg5 e5 35. Bd2 Bc5 36. Bh6 Ke6 37. Bd2 Bf8 38. Bg5 h6 39. Bd2 Kf6
40. Be3 g5 41. hxg5+ hxg5 42. Bb6 f4 43. g4 Ke6 44. Ba5 Ba3 45. Bb6 Bc1 46. Kd1
Bb2 47. Bd8 e3 48. fxe3 f3 49. Ke1 e4 50. Bxg5 Bf6 51. Bf4 Bh4+ 52. Kf1 Kf6 53.
Bc7 Kg5 54. Bd6 Kxg4 55. Bc7 Kh3 56. Bd6 Kg4 57. Bc7 Kf5 58. Bd6 Ke6 59. Bc5
Kd5 60. Bd4 Kc4 61. Bb6 Kd3 62. Ba7 Bf6 63. Kf2 Bh4+ 64. Kf1 Kc3 65. Bb6 Kb4
66. Bd4 Kb5 67. Ba7 Ka6 68. Bd4 Kb7 69. Bg7 Kc7 70. Bd4 Kd6 71. Ba7 Ke7 72. Bb8
Kf6 73. Bc7 Kf5 74. Bb6 Kg4 75. Bc5 Kh3 76. Bb4 f2 77. Bd6 Kg4 78. Kg2 f1=Q+
79. Kxf1 Kf3 80. Bf8 Bf2 81. Bb4 Bxe3 82. Be7 Bd4 83. Bg5 Be5 84. Bd2 Bf4 85.
Bb4 e3 86. Kg1 e2 87. Ba5 Be3+ 88. Kh2 Kf2 89. Kh1 Kf1 90. Kh2 Bf2 91. Kh3 Be1
92. Bd8 Bd2 93. Bh4 Be3 94. Bg3 Bf2 0-1